| Поле | Инд. | ПП | Название | Значение |
|---|---|---|---|---|
| Тип записи | a | |||
| Библиографический уровень | m | |||
| 001 | Контрольный номер | RU/IS/BASE/414062214 | ||
| 005 | Дата корректировки | 20150513112117.3 | ||
| 020 | a | ISBN | 978-5-94057-933-5 | |
| 040 | a | Служба первич. каталог. | НБ ТвГУ | |
| b | Код языка каталог. | rus | ||
| e | Правила каталог. | PSBO | ||
| 041 | 0_ | a | Код языка текста | rus |
| 080 | a | Индекс УДК | 519.216 | |
| 084 | a | Индекс другой классификации/Индекс ББК | В171.5 | |
| 090 | a | Полочн. индекс | В171.5 | |
| x | Авторский знак | М 54 | ||
| 100 | 1_ | a | Автор | Мета Мадан Лал |
| q | Полное имя | Мета М. Л. | ||
| 245 | 00 | a | Заглавие | Случайные матрицы |
| c | Ответственность | пер. с англ. Н. В. Цилевич под ред. А. М. Вершика | ||
| 246 | _5 | a | Другая форма заглавия | Random matrices |
| 260 | a | Место издания | Москва | |
| b | Издательство | МЦНМО | ||
| c | Дата издания | 2012 | ||
| 300 | a | Объем | 648 с. | |
| b | Иллюстрации/ тип воспроизводства | ил. | ||
| 500 | a | Примечание | Перевод изд.: Random matrices/ Madan Lal Mehta | |
| 504 | a | Библиография | Библиогр.: с. 619-642 (485 назв.) | |
| 504 | a | Библиография | Предм. указ.: с. 643-648 | |
| 520 | a | Аннотация | Теория случайных матриц играет исключительно важную роль во многих областях математики и физики (таких как квантовая и классическая статистическая физика, теория чисел и др.) и очень бурно развивается в последнее время. Предлагаемая монография признанного мирового специалиста в области теоретической и математической физики М.Л. Меты является каноническим руководством по теории случайных матриц , без ссылок на которое не обходится ни одна работа по близкой тематике. | |
| Э | та книга исключительно полезна всем, кто работает или собирается работать со случайными матрицами , поскольку содержит систематическое, подробное, замкнутое и доступное изложение основ теории случайных матриц и ее многочисленных приложений. | |||
| 653 | a | Ключевые слова | Математика | |
| a | Ключевые слова | Математическая статистика | ||
| a | Ключевые слова | Математическая физика | ||
| a | Ключевые слова | Матрицы (мат.) | ||
| a | Ключевые слова | Случайные матрицы | ||
| a | Ключевые слова | Теоретическая физика | ||
| a | Ключевые слова | Теория вероятностей | ||
| a | Ключевые слова | Теория случайных матриц | ||
| a | Ключевые слова | Физика | ||
| 901 | t | Тип документа | m | |
| 920 | a | Оператор | Густ | |
| 952 | c | Вид литературы | К рн | |
| 954 | a | Дата поступления на обработку | 20130422 |